000 00266nam a2200085Ia 4500
008 170620s9999 xx 000 0 und d
100 _aRao- Digumarti Bhaskara
245 0 _aScientific Attitude Scientific Aptitude and Achievement
260 _bNew Delhi- Discovery Publishing House
260 _c2006
999 _c24266
_d24266